| 000 | 01279 a2200241 4500 | ||
|---|---|---|---|
| 001 | 31580 | ||
| 005 | 20260407155620.0 | ||
| 008 | 260407a1959 arg spa d | ||
| 003 | AR-UNSa-BCEJYS | ||
| 040 |
_aAR-UNSa-BCEJYS _bspa _cAR-UNSa-BCEJYS |
||
| 080 |
_a658 _xAdministración de empresas. Organización comercial |
||
| 245 | 1 | 0 | _aManual del director de empresa |
| 264 | 1 |
_aMéxico : _bUnión Tipográfica Editorial Hispano-Americana (UTEHA) _c1959 |
|
| 300 |
_alv, 1501 p. _c19 cm. |
||
| 505 | _a1. Ventas con éxito por correo directo - 2. Propaganda provechosa - 3. Gerencia de ventas - 4. Gerencia de oficinas - 5. Como escribir cartas comerciales mas efectivas - 6. Protección del comercio por medio de los seguros - 7. Planes de beneficios a los empleados - 8. Contabilidad para el jefe de la empresa - 9. Dinero en efectivo para solventar las necesidades inmediatas - 10. Créditos y cobros - 11. Organización de negocios propiedad individual, sociedades de personas y de capitales - 12. Matemáticas comerciales y métodos abreviados | ||
| 942 | _cBK | ||
| 590 | _aniveau_biblio:m niveau_hierar:0 | ||
| 100 | 1 | _aBrown, Stanley M. | |
| 700 | 1 | _aDoris, Lillian | |
| 700 | 1 | _aFriedman, Edith J. | |
| 700 | 1 | _aSmyers, John D. | |
| 700 | 1 | _aCanfield, Bertrand R. | |
| 999 |
_c2197 _d2197 |
||